RuPaul's drag race season 18 - Statistiques

Statistiques générales
  • Ce quiz a été pris 22 fois
  • Le résultat moyen est 10 sur 14
Statistiques - réponses
Réponse % Correct
Athena Dion
90%
Kenya Pleaser
86%
Briar Blush
81%
Nini Coco
81%
Darlene Mitchell
76%
Juicy Love Dion
76%
Mandy Mango
76%
DD Fuego
71%
Jane Don't
71%
Mia Starr
67%
Ciara Myst
62%
Myki Meeks
62%
Discord Addams
57%
Vita VonTesse Starr
48%
Aucun quiz correspondant
Distribution des résultats
% des personnes avec chaque résultat
Percentile par nombre de réponses
Votre historique - résultats
Vous n’avez pas pris ce quiz